Państwa Europy - Statystyki

Ogólne statystyki
  • Ten quiz został rozwiązany 23 razy
  • Średni wynik to 38 z 47
Statystyki odpowiedzi
Hint Państwo % Poprawnych
E Estonia
100%
F Finlandia
100%
L Litwa
100%
Ł Łotwa
100%
P Polska
100%
C Czechy
95%
D Dania
95%
F Francja
95%
H Hiszpania
95%
I Irlandia
95%
I Islandia
95%
N Niemcy
95%
R Rosja
95%
U Ukraina
95%
G Grecja
89%
N Norwegia
89%
P Portugalia
89%
A Albania
84%
B Bośnia i Hercegowina
84%
C Chorwacja
84%
M Mołdawia
84%
S Szwecja
84%
T Turcja
84%
W Węgry
84%
W Wielka Brytania
84%
A Austria
79%
B Belgia
79%
B Białoruś
79%
B Bułgaria
79%
H Holandia
79%
L Liechtenstein
79%
L Luksemburg
79%
A Andora
74%
M Macedonia Północna
74%
S Serbia
74%
S Słowacja
74%
W Włochy
74%
C Czarnogóra
68%
K Kosowo
68%
R Rumunia
68%
S Szwajcaria
68%
W Watykan
68%
S Słowenia
63%
M Monako
58%
S San Marino
58%
C Cypr
53%
K Kazachstan
21%
Nie znaleziono quizów pasujących do podanych kryteriów
Rozkład punktacji
Procent ludzi z każdym wynikiem
Percentyl według liczby udzielonych odpowiedzi
Twoja historia wyników
Nie rozwiązałeś tego quizu